| 000 | 01412nam a2200277Ia 4500 | ||
|---|---|---|---|
| 003 | Ost | ||
| 005 | 20260507075044.0 | ||
| 008 | 260507s9999||||xx |||||||||||||| ||und|| | ||
| 020 | _a9957111647 | ||
| 040 | _cfsecg | ||
| 041 | _aara | ||
| 082 | _a330 | ||
| 100 |
_aمقابلة، خالد _eمؤلف |
||
| 245 | 0 |
_aالتسويق السياحي الحديث / _c خالد مقابلة |
|
| 260 |
_aعمان: _bدار وائل للنشر, _c2000 |
||
| 300 |
_a307 صفحة؛ _bإيضاحات ؛ _c24 سم |
||
| 490 |
_aالسياحة والفنادق _v7 |
||
| 504 | _aببلوغرافيا ص.303 | ||
| 520 | _aمدخل الى التسويق السياحي-سيرة العملاء السلوكية-تقسيم السوق السياحي-نظام المعلومات السياحي وبحوث التسويق-تخطيط وتنمية المنتج السياحي-استراتيجية المنتج السياحي-استراتيجية التسعير السياحي-استراتيجية التوزيع السياحي-استراتيجية الترويج السياحي-استراتيجية التسويق السياحي الشاملة-التسويق السياحي بواسطة الانترنت | ||
| 653 | _aالاستراتيجية | ||
| 653 | _aالانترنيت | ||
| 653 | _aالتسويق | ||
| 653 | _aالسياحة | ||
| 700 |
_aالسرابي، علاء _eمؤلف ثانوي |
||
| 942 | _cكتاب | ||
| 999 |
_c42550 _d42550 |
||